<?xml version="1.0" encoding="UTF-8"?>
<collection xmlns="http://www.loc.gov/MARC21/slim">
 <record>
  <leader>03293cam a2200253 a 4500</leader>
  <controlfield tag="001">1/44096</controlfield>
  <controlfield tag="008">131119m20072009enka          001 0 eng  </controlfield>
  <datafield tag="020" ind1=" " ind2=" ">
   <subfield code="a">9781566986113 (pbk. : alk. paper)</subfield>
  </datafield>
  <datafield tag="035" ind1=" " ind2=" ">
   <subfield code="l">47033</subfield>
  </datafield>
  <datafield tag="040" ind1=" " ind2=" ">
   <subfield code="a">DLC</subfield>
   <subfield code="c">DLC</subfield>
   <subfield code="d">GR-PeUP</subfield>
  </datafield>
  <datafield tag="082" ind1="0" ind2="0">
   <subfield code="a">368.1΄0110973 BRO</subfield>
  </datafield>
  <datafield tag="100" ind1="1" ind2=" ">
   <subfield code="a">Brown, Robert L.,</subfield>
   <subfield code="d">1947-</subfield>
  </datafield>
  <datafield tag="245" ind1="1" ind2="0">
   <subfield code="a">Introduction to ratemaking and loss reserving for property and casualty insurance /</subfield>
   <subfield code="c">Robert L. Brown, Leon R. Gottlie.</subfield>
  </datafield>
  <datafield tag="250" ind1=" " ind2=" ">
   <subfield code="a">3η έκδ.</subfield>
  </datafield>
  <datafield tag="260" ind1=" " ind2=" ">
   <subfield code="a">Winsted, Conn. :</subfield>
   <subfield code="b">ACTEX Publications, Inc.,</subfield>
   <subfield code="c">c2007, 2009.</subfield>
  </datafield>
  <datafield tag="300" ind1=" " ind2=" ">
   <subfield code="a">xiιι, 195 σ. :</subfield>
   <subfield code="b">εικ. ;</subfield>
   <subfield code="c">23 εκ.</subfield>
  </datafield>
  <datafield tag="500" ind1=" " ind2=" ">
   <subfield code="a">Περιέχει ευρετήριο.</subfield>
  </datafield>
  <datafield tag="505" ind1="0" ind2=" ">
   <subfield code="a">Preface -- Acknowledgements -- Preface to second edition -- Why insurance? -- The evolution of insurance -- How insurance works -- Insurance and utility -- What makes a risk insurable -- What insurance is and is not -- Risk, peril, and hazard -- Purchase of insurance: other reasons -- Exercises -- Coverages -- Introduction -- Automobile insurance -- Liability insurance (Section A) -- Medical benefits (Section B) -- Uninsured and under insured motorist coverage -- Collision and other than collision (Section C) -- Homeowners insurance -- Tenants package -- Workers compensation -- Fire insurance -- Marine insurance -- Liability insurance -- Limits to coverage -- Deductibles -- Policy limits -- Conclusion -- Exercises -- Ratemaking -- Introduction -- Objectives of ratemaking -- Essential objectives -- Non-essential but desirable objectives -- Frequency and severity -- Data for ratemaking -- Accident year -- Policy year -- Calendar year -- Premium data -- The exposure unit -- The expected effective period -- Ingredients of ratemaking -- Loss-development factors -- Trend factors -- Expenses -- Loading for profit and contingencies -- Credibility factors -- Investment income -- Rate changes -- Overall average rate change -- Changing risk classification differentials -- Balancing back -- Summary of the rate change procedure -- Exercises -- Loss reserving -- Introduction -- How outstanding benefits arise -- Definition of terms -- Individual claim file estimates -- Gross IBNR -- Paid loss development -- Incurred loss development -- Salvage and subrogation -- Loss adjustment expenses -- Fast track reserves -- Professional considerations -- Checking the data -- Loss reserving methods -- Case reserves plus -- The expected loss ratio method -- The chain-ladder or loss-development triangle method -- The bornhuetter-ferguson method -- Estimates split into frequency and severity -- Summary -- Discounting loss reserves -- Exercises -- Intermediate topics -- Individual risk rating plans -- Increased limits factors -- Data considerations -- Loss development -- Trend -- Risk -- Expenses -- Loss distributions -- Reinsurance -- Reserving for reinsurance -- Exercises -- Appendix A -- Answers to text exercises -- Index 185.</subfield>
  </datafield>
  <datafield tag="650" ind1=" " ind2="4">
   <subfield code="a">Property insurance</subfield>
   <subfield code="x">Rates</subfield>
   <subfield code="z">United States.</subfield>
  </datafield>
  <datafield tag="650" ind1=" " ind2="4">
   <subfield code="a">Casualty insurance</subfield>
   <subfield code="x">Rates</subfield>
   <subfield code="z">United States.</subfield>
  </datafield>
  <datafield tag="650" ind1=" " ind2="4">
   <subfield code="a">Insurance</subfield>
   <subfield code="z">United States</subfield>
   <subfield code="x">Reserves.</subfield>
  </datafield>
  <datafield tag="700" ind1="1" ind2=" ">
   <subfield code="a">Gottlieb, Leon R.</subfield>
  </datafield>
  <datafield tag="852" ind1=" " ind2=" ">
   <subfield code="a">INST</subfield>
   <subfield code="b">UNIPILB</subfield>
   <subfield code="c">MAIN</subfield>
   <subfield code="e">20131119</subfield>
   <subfield code="h">368.1΄0110973 BRO</subfield>
   <subfield code="p">00170027</subfield>
   <subfield code="q">00170027</subfield>
   <subfield code="t">STATIST</subfield>
   <subfield code="y">4</subfield>
   <subfield code="x">20171208</subfield>
   <subfield code="4">1</subfield>
  </datafield>
  <datafield tag="856" ind1="4" ind2="1">
   <subfield code="3">Table of contents only</subfield>
   <subfield code="u">http://www.loc.gov/catdir/toc/ecip078/2007002022.html</subfield>
  </datafield>
 </record>
</collection>
